000 00450nam a2200157Ia 4500
005 20250424120230.0
008 250424s9999 xx 000 0 und d
022 _a01464833
050 _aQA 76 .C635/
245 0 _aComputer communication review
260 _aNew York
260 _b ACM Special Interest Group on Data Communication, inc.
300 _avolumes , 101 p. : ill. ; 28 cm.
650 _aComputer networks--Periodicals.
942 _cSR
999 _c38140
_d38140